000 00655nam a2200217Ia 4500
001 10802
003 GE_BSU
008 181216s||||||||xx |||||||||||||| ||und||
040 _cGE_BSU
080 _a821.353.1-1
100 _aქემერტელიძე,იორამ
245 _aთურმე...
245 _bლექსები.
245 _cრედ.ნ.იაშვილი;მხატვ.ნ.ჭურღულია.
260 _aთბილისი.
260 _bსაბჭოთა საქართველო.
260 _c1983.
300 _a240გვ;20სმ.
653 _aთურმე...
942 _cBK
999 _c44050
_d44050